Statistics for Districts of Çanakkale (Çanakkale'nin ilçeleri).

Click here to take the quiz!

General Stats

  • This quiz has been taken 31 times
  • The average score is 9 of 12

Answer Stats

Population (Nüfus)District (İlçe)% Correct
92.180Biga
94%
43.984Gelibolu
94%
47.954Çan
89%
34.549Ayvacık
83%
31.848Ezine
83%
197.841Merkez
83%
3.120Bozcaada
78%
10.348Gökçeada
78%
8.684Eceabat
67%
29.336Lapseki
67%
28.952Bayramiç
61%
30.587Yenice
61%

Score Distribution

Percentile by Number Answered

Percent of People with Each Score

Your Score History

You have not taken this quiz